Digital copyright law and practice (Record no. 102092)

MARC details
000 -LEADER
fixed length control field 01150cam a2200265 4500
008 - FIXED-LENGTH DATA ELEMENTS--GENERAL INFORMATION
fixed length control field 020524n2002 000 0 eng u
020 ## - INTERNATIONAL STANDARD BOOK NUMBER
International Standard Book Number 0406947023
035 ## - SYSTEM CONTROL NUMBER
System control number (Sirsi) u118111
041 ## - LANGUAGE CODE
Language code of text/sound track or separate title eng.
050 ## - LIBRARY OF CONGRESS CALL NUMBER
Classification number 346.410482
100 ## - MAIN ENTRY--PERSONAL NAME
Personal name Stokes, S.
245 ## - TITLE STATEMENT
Title Digital copyright law and practice
260 ## - PUBLICATION, DISTRIBUTION, ETC.
Place of publication, distribution, etc. London
Name of publisher, distributor, etc. Butterworth-Tolley
Date of publication, distribution, etc. 2002
300 ## - PHYSICAL DESCRIPTION
Extent xxxix,342p.
Dimensions 22cm.
350 ## - PRICE (NR) (BK AM CF MU VM SE) [OBSOLETE]
Price 69
520 ## - SUMMARY, ETC.
Summary, etc. Designed to aid a full understanding of the legal framework for digital copyright, which operates in conjunction with existing 'analogue' copyright rules regulating developments in such areas as software, databases and e-commerce. Among the issues addressed are : exceptions and defences to digital copyright infringement; the relationship between copyright and database right; digital rights management; and the implementation of the Digital Copyright Directive into UK law.
650 ## - SUBJECT ADDED ENTRY--TOPICAL TERM
Topical term or geographic name entry element DIGITAL COPYRIGHT DIRECTIVE
650 ## - SUBJECT ADDED ENTRY--TOPICAL TERM
Topical term or geographic name entry element SOFTWARE
650 ## - SUBJECT ADDED ENTRY--TOPICAL TERM
Topical term or geographic name entry element DATABASES
650 ## - SUBJECT ADDED ENTRY--TOPICAL TERM
Topical term or geographic name entry element E-COMMERCE
650 ## - SUBJECT ADDED ENTRY--TOPICAL TERM
Topical term or geographic name entry element COPYRIGHT LAW
650 ## - SUBJECT ADDED ENTRY--TOPICAL TERM
Topical term or geographic name entry element MANAGEMENT-BUSINESS MANAGEMENT-INFORMATION MANAGEMENT
690 ## - LOCAL SUBJECT ADDED ENTRY--TOPICAL TERM (OCLC, RLIN)
Topical term or geographic name as entry element LAW
942 ## - ADDED ENTRY ELEMENTS (KOHA)
Suppress in OPAC 0
Holdings
Withdrawn status Lost status Source of classification or shelving scheme Damaged status Not for loan Home library Current library Shelving location Date acquired Cost, normal purchase price Total Checkouts Full call number Barcode Date last seen Copy number Cost, replacement price Price effective from Koha item type
    Dewey Decimal Classification     London London Books 27/06/2002 58.65   346.410482 STO 30066045 06/08/2019 1 58.65 06/08/2019 Book